|
|
|
|
| LEADER |
01309naa a2200397 a 4500 |
| 001 |
000000291 |
| 003 |
SVKKK |
| 005 |
20071019123414.0 |
| 008 |
030616c1990 xo e engo |
| FMT |
|
|
|
| 038 |
|
|
|a SVKKK
|
| 040 |
|
|
|a SVKKK
|b slo
|e AACR2
|
| 041 |
0 |
|
|a eng
|b rus
|
| 044 |
|
|
|a xo
|c SK
|
| 080 |
|
|
|a 550.84:54
|2 1981
|
| 242 |
1 |
0 |
|a Využitie progresívnych analytických metod v geochemicko-mineralogickom prieskume
|
| 245 |
0 |
0 |
|a The Employment of Progressive Analytical Methods in Geochemical-Mineralogical Prospection
|c Hvožďara Pavel ... [et al.]
|
| 300 |
|
|
|b Obr. 1, tab. 5
|
| 500 |
|
|
|a Bratislava, Univerzita Komenského
|
| 504 |
|
|
|a Res. rus., lit. 8 zázn. v rôzn. jaz.
|
| 650 |
0 |
4 |
|a geologia
|
| 650 |
0 |
4 |
|a metody analyticko-chemické
|
| 650 |
0 |
4 |
|a prieskum geochemicko-mineralogický
|
| 650 |
0 |
4 |
|a využitie
|x štúdie
|
| 700 |
1 |
|
|a Hurai, Vratislav
|4 aut
|
| 700 |
1 |
|
|a Hvožďara, Pavel
|4 aut
|
| 700 |
1 |
|
|a Plško, Eduard
|4 aut
|
| 700 |
1 |
|
|a Siman, Pavel
|4 aut
|
| 700 |
1 |
|
|a Streško, Vladimír
|4 aut
|
| 773 |
0 |
|
|t Acta Geologica et Geographica Universitatis Comenianae
|d Bratislava : Slovenské pedagogické nakladateľstvo, 1990
|z 80-08-00746-X
|g S. 161-167
|
| 958 |
|
|
|a NP
|
| 974 |
|
|
|d 940720
|a 245/210
|
| 992 |
|
|
|a RZB
|
| BAS |
|
|
|
| 852 |
|
|
|a SVKKK
|b BIB
|
| 998 |
|
|
|a GEO
|